000 00213 a2200109 4500
020 _a 9788434863118
041 _aspa
100 _aManning, Mick
245 _aMi cuerpo tu cuerpo
942 _cBK
999 _c29684
_d29682
999 _d29682